LEADER 01038nam0 22002773i 450 001 996429051403316 005 20210803122203.0 020 $aIT$b752899 100 $a19940831d1973----||||0itac50 ba 101 0 $aita 102 $aIT 105 $ay 0 1yy 200 1 $a<>crepuscolo artificiale del Cile cattolico$fPlinio Correa de Oliveira e Sociedad Chilena de Defensa de la Tradicion, Familia y Propiedad 210 1 $aPiacenza$cCristianita$d1973 215 $a206 p.$d21 cm 225 2 $a<> battaglia delle idee$iPanorami e documenti$v2 410 0$12001$a<> battaglia delle idee$iPanorami e documenti$v2 676 $a983.0646 700 1$aCORREA DE OLIVEIRA,$bPlinio$0503550 711 02$aSociedad chilena de defensa de la tradicion, familia y propiedad$3IT\ICCU\SBLV\254071$4070$0826054 801 0$aIT$bcba$gREICAT 912 $a996429051403316 951 $aVI.7.B. 2464$b04452 ISLA$cVI.7.B. 2464$d545942 959 $aBK 996 $aCrepuscolo artificiale del Cile cattolico$91836946 997 $aUNISA LEADER 01828nam1 22003973i 450 001 UFI0032033 005 20231121125903.0 020 $aIT$b77-7658 100 $a20140409d1977 ||||0itac50 ba 101 | $aita 102 $ait 181 1$6z01$ai $bxxxe 182 1$6z01$an 200 1 $aAspetti sociolinguistici dell'Italia contemporanea$eatti dell'8. Congresso internazionale di studi$eBressanone, 31 maggio-2 giugno 1974$fSLI, Società di linguistica italiana$ga cura di Raffaele Simone e Giulianella Ruggiero 210 $aRoma$cBulzoni$d1977 215 $a2 v. (X, VII, 700 p. compless.)$d22 cm 225 | $aPubblicazioni della Società di linguistica italiana$v10 410 0$1001CFI0044777$12001 $aPubblicazioni della Società di linguistica italiana$v10$171202$aSocietà di linguistica italiana$3CFIV000982 463 1$1001PAL0109347$12000 $a1$v1 463 1$1001PAL0109351$12000 $a2$v2 606 $aLinguistica$xItalia$xCongressi$x1974$2FIR$3SBLC142253$9I 606 $aLinguaggio$xSociologia$xSec. 20.$2FIR$3RMLC396873$9I 676 $a410$9Linguistica$v21 702 1$aSimone$b, Raffaele$3CFIV019608 702 1$aRuggiero$b, Giulianella$3RAVV054456 710 02$aSocietà di linguistica italiana$3CFIV000982$4070$0330439 791 02$aSLI$3CFIV136316$zSocietà di linguistica italiana 801 3$aIT$bIT-01$c20140409 850 $aIT-FR0017 $aIT-RM2088 899 $aBiblioteca umanistica Giorgio Aprea$bFR0017 899 $aBiblioteca del Centro Studi Clotilde e Maurizio Pontecorvo$bRM2088 912 $aUFI0032033 950 1$aBiblioteca umanistica Giorgio Aprea$d 52DFAG L 30.1$d 52DFAG L 30.2 977 $a 52$a 64 996 $aAspetti sociolinguistici dell'Italia contemporanea$9914531 997 $aUNICAS